HBF regional survey of house builders (Record no. 79374)

MARC details
000 -LEADER
fixed length control field 01194cab a22002055a 4500
001 - CONTROL NUMBER
control field L140921
008 - FIXED-LENGTH DATA ELEMENTS--GENERAL INFORMATION
fixed length control field 071017s2007 xxkd f s 000 0 eng d
035 ## - SYSTEM CONTROL NUMBER
System control number (Sirsi) u140921
041 ## - LANGUAGE CODE
Language code of text/sound track or separate title eng
110 2# - MAIN ENTRY--CORPORATE NAME
Corporate name or jurisdiction name as entry element Home Builders Federation
9 (RLIN) 4896
245 ## - TITLE STATEMENT
Title HBF regional survey of house builders
Remainder of title August 2007
260 ## - PUBLICATION, DISTRIBUTION, ETC.
Date of publication, distribution, etc. 2007
490 ## - SERIES STATEMENT
Series statement Housing Market Report
Volume/sequential designation (184) September 2007, 7-11(5)
520 ## - SUMMARY, ETC.
Summary, etc. Finds that site visitors in August were below the levels of a year ago for the eighth consecutive month, showing a drop of 30%. House builders have seen the sharpest year-on-year decline in net reservations since July 2005. Numbers of site visitors also declined. New home prices recovered by 3% after a similar dip the previous month. The use of incentives by housebuilders continued to increase markedly. House builders continued to increase their use of sales incentives, showing an increase of 36%. Despite the falling demand, there is optimism that sales in 2007 will outstrip 2006.
590 ## - LOCAL NOTE (RLIN)
Local note KA
650 24 - SUBJECT ADDED ENTRY--TOPICAL TERM
Topical term or geographic name entry element HBF REGIONAL SURVEY OF HOUSE BUILDERS
651 #4 - SUBJECT ADDED ENTRY--GEOGRAPHIC NAME
Geographic name England and Wales
Chronological subdivision 1543-
690 ## - LOCAL SUBJECT ADDED ENTRY--TOPICAL TERM (OCLC, RLIN)
Topical term or geographic name as entry element PROPERTY-RESIDENTIAL PROPERTY-RESIDENTIAL PROPERTY MARKET
942 ## - ADDED ENTRY ELEMENTS (KOHA)
Suppress in OPAC 0
Holdings
Withdrawn status Lost status Source of classification or shelving scheme Damaged status Not for loan Home library Current library Shelving location Date acquired Total Checkouts Full call number Barcode Date last seen Copy number Price effective from Koha item type
    Dewey Decimal Classification     London London Journal article 17/10/2007   L140921 140921-1001 06/08/2019 1 06/08/2019 Journal article